[Event "26. Copenhagen Open  (Politiken Cup)"]
[Site "Taastrup"]
[Date "2004.07.28"]
[Round "6"]
[White "Vedelfort, Tommy"]
[Black "Larsen, Arne"]
[Result "0-1"]
[WhiteElo "1867"]
[BlackElo "1823"]
[PlyCount "114"]
[EventDate "2004.07.24"]
[EventType "swiss"]
[EventRounds "10"]
[EventCountry "DEN"]
[SourceDate "2004.01.01"]

1. d4 Nf6 2. Bg5 g6 3. Nd2 Bg7 4. Ngf3 d6 5. e3 c6 6. c4 Nbd7 7. Be2 O-O 8. O-O
Qc7 9. Rc1 c5 10. h3 b6 11. Nh2 Rb8 12. d5 a6 13. b3 b5 14. Qc2 Nb6 15. Ng4
Nxg4 16. hxg4 bxc4 17. bxc4 Bd7 18. e4 e6 19. Qd3 exd5 20. exd5 f5 21. Qh3 Rfe8
22. Bf3 fxg4 23. Bxg4 Bxg4 24. Qxg4 Qd7 25. Qh4 Qf5 26. Bh6 Bf6 27. Qg3 Be5 28.
Qg5 Qxg5 29. Bxg5 Nd7 30. Rb1 Kg7 31. Nf3 Bf6 32. Rb3 h6 33. Be3 Ne5 34. Nxe5
Rxb3 35. axb3 Bxe5 36. Rb1 g5 37. Kf1 Kf6 38. Ke2 Bd4 39. Kd3 Bxe3 40. fxe3 h5
41. b4 cxb4 42. Rxb4 Ke5 43. Rb6 h4 44. Rxa6 g4 45. Ra7 Kf5 46. Rh7 Kg5 47. Kd4
Rg8 48. c5 dxc5+ 49. Kxc5 h3 50. g3 Kg6 51. Rh4 Kf5 52. d6 Ke4 53. d7 Kxe3 54.
Rh7 Kf3 55. Kc6 Rd8 56. Kd5 Kxg3 57. Ke4 Kf2 0-1

[Event "26. Copenhagen Open  (Politiken Cup)"]
[Site "Taastrup"]
[Date "2004.07.28"]
[Round "6"]
[White "Vul, Arkadi Eremeevich"]
[Black "Nielsen, Max"]
[Result "1-0"]
[WhiteElo "2438"]
[BlackElo "2259"]
[PlyCount "85"]
[EventDate "2004.07.24"]
[EventType "swiss"]
[EventRounds "10"]
[EventCountry "DEN"]
[SourceDate "2004.01.01"]

1. Nf3 f5 2. b3 d6 3. d4 Nf6 4. g3 g6 5. Bb2 Bg7 6. Bg2 O-O 7. Nbd2 Qe8 8. O-O
Nc6 9. Nc4 Ne4 10. Nfd2 Nxd2 11. Qxd2 Kh8 12. Rad1 Bd7 13. f4 e6 14. d5 exd5
15. Bxg7+ Kxg7 16. Bxd5 Be6 17. e4 fxe4 18. Qc3+ Kg8 19. Bxe4 Qf7 20. Ne3 Qg7
21. Rd3 Qxc3 22. Rxc3 Bd7 23. Nd5 Bh3 24. Re1 Rf7 25. Ne3 Re7 26. Bxc6 bxc6 27.
Rxc6 Rae8 28. Kf2 Bc8 29. Ng2 Bb7 30. Rxc7 Rxc7 31. Rxe8+ Kf7 32. Re2 Rc3 33.
Ne1 a5 34. a4 Ba6 35. Re3 Rc5 36. c4 Rc8 37. Nf3 h6 38. Rd3 Ke7 39. Ke3 Rb8 40.
Nd4 Rb6 41. Nb5 Bb7 42. Kd4 Rc6 43. Kc3 1-0

[Event "26. Copenhagen Open  (Politiken Cup)"]
[Site "Taastrup"]
[Date "2004.07.28"]
[Round "6"]
[White "Ziska, Andrias"]
[Black "Pedersen, Kaj Vinding"]
[Result "1/2-1/2"]
[WhiteElo "1804"]
[BlackElo "1496"]
[PlyCount "61"]
[EventDate "2004.07.24"]
[EventType "swiss"]
[EventRounds "10"]
[EventCountry "DEN"]
[SourceDate "2004.01.01"]

1. d4 Nf6 2. Nf3 g6 3. g3 Bg7 4. Bg2 d6 5. c3 O-O 6. O-O Nbd7 7. Re1 e5 8. dxe5
dxe5 9. e4 c6 10. Bg5 h6 11. Bxf6 Bxf6 12. Qd2 Bg7 13. Rd1 Kh7 14. Bh3 f5 15.
exf5 gxf5 16. Nh4 Qb6 17. Bxf5+ Rxf5 18. Nxf5 Nf6 19. Nxg7 Kxg7 20. Qe3 Qxb2
21. Nd2 Ng4 22. Qd3 Qb6 23. Ne4 Bf5 24. Rd2 Nf6 25. Re1 Rf8 26. Kg2 Nxe4 27.
Rxe4 Rf7 28. Qe3 Bxe4+ 29. Qxe4 Qc5 30. Rc2 Qd5 31. Re2 1/2-1/2

[Event "26. Copenhagen Open  (Politiken Cup)"]
[Site "Taastrup"]
[Date "2004.07.28"]
[Round "6"]
[White "Ziska, Helgi Dam"]
[Black "Willumsen, Niels Henrik"]
[Result "0-1"]
[WhiteElo "1604"]
[BlackElo "2178"]
[PlyCount "40"]
[EventDate "2004.07.24"]
[EventType "swiss"]
[EventRounds "10"]
[EventCountry "DEN"]
[SourceDate "2004.01.01"]

1. e4 c5 2. Nf3 d6 3. d4 cxd4 4. Nxd4 Nf6 5. Nc3 g6 6. g3 Bg7 7. Bg2 O-O 8. O-O
Bd7 9. h3 Nc6 10. Nde2 Rb8 11. a4 a6 12. Be3 b5 13. axb5 axb5 14. Nd5 h5 15.
Bg5 Nxd5 16. exd5 Ne5 17. b3 Bxh3 18. Bxe7 Qxe7 19. Bxh3 Nf3+ 20. Kg2 Bxa1 0-1

[Event "26. Copenhagen Open  (Politiken Cup)"]
[Site "Taastrup"]
[Date "2004.07.28"]
[Round "6"]
[White "Zyde, Furat"]
[Black "Edvardsson, Hannu Kalervo"]
[Result "1-0"]
[WhiteElo "1069"]
[BlackElo "1289"]
[PlyCount "57"]
[EventDate "2004.07.24"]
[EventType "swiss"]
[EventRounds "10"]
[EventCountry "DEN"]
[SourceDate "2004.01.01"]

1. e4 e5 2. Nf3 d6 3. h3 Nf6 4. Nc3 Be7 5. Bc4 O-O 6. O-O Nc6 7. d3 a6 8. Be3
b5 9. Bd5 Nxd5 10. Nxd5 Be6 11. Nxe7+ Qxe7 12. d4 exd4 13. Nxd4 Nxd4 14. Bxd4
f6 15. Qd3 Bc4 16. Qe3 Bxf1 17. Rxf1 c5 18. Bc3 b4 19. Bd2 Kh8 20. Rd1 f5 21.
Qg3 fxe4 22. Bf4 Qe6 23. Rxd6 Qf7 24. Be5 a5 25. Qh4 Rae8 26. Rh6 Qf5 27. Rh5
Qe6 28. Rxh7+ Kg8 29. Rxg7# 1-0

[Event "26. Copenhagen Open  (Politiken Cup)"]
[Site "Taastrup"]
[Date "2004.07.29"]
[Round "7"]
[White "Abrahamsson, Daniel"]
[Black "Sigurdsson, Thorgeir"]
[Result "1-0"]
[WhiteElo "1803"]
[BlackElo "1200"]
[PlyCount "37"]
[EventDate "2004.07.24"]
[EventType "swiss"]
[EventRounds "10"]
[EventCountry "DEN"]
[SourceDate "2004.01.01"]

1. e4 Nf6 2. Nc3 d5 3. exd5 Nxd5 4. Nf3 Nxc3 5. bxc3 Bg4 6. d4 e6 7. Bf4 a6 8.
a4 c5 9. h3 Bxf3 10. Qxf3 Nc6 11. dxc5 Bxc5 12. Bd3 e5 13. Bd2 Qc7 14. Qg4 f6
15. O-O Nd8 16. Bxh7 g5 17. Bg6+ Nf7 18. Qe6+ Qe7 19. Bxf7+ 1-0

[Event "26. Copenhagen Open  (Politiken Cup)"]
[Site "Taastrup"]
[Date "2004.07.29"]
[Round "7"]
[White "Adnoy, Hallvard V"]
[Black "Fant, Goran"]
[Result "1-0"]
[WhiteElo "2204"]
[BlackElo "1997"]
[PlyCount "65"]
[EventDate "2004.07.24"]
[EventType "swiss"]
[EventRounds "10"]
[EventCountry "DEN"]
[SourceDate "2004.01.01"]

1. e4 e6 2. d3 d5 3. Nd2 Nc6 4. Ngf3 Bd6 5. Qe2 Qf6 6. exd5 Nb4 7. Ne4 Qf5 8.
a3 Nxd5 9. g4 Qxg4 10. Rg1 Nf4 11. Nxd6+ cxd6 12. Rxg4 Nxe2 13. Bxe2 g6 14. Rc4
h6 15. Be3 Ne7 16. d4 g5 17. O-O-O b6 18. Rc3 Bd7 19. Nd2 Nd5 20. Rb3 Ba4 21.
Bb5+ Bxb5 22. Rxb5 f5 23. Nf3 Rc8 24. Kb1 Kf7 25. Rb3 g4 26. Ne1 Kg6 27. Ng2
Rc4 28. Rbd3 Rhc8 29. c3 Kh5 30. Bd2 Rf8 31. b3 Rcc8 32. c4 Nc7 33. Nf4+ 1-0

[Event "26. Copenhagen Open  (Politiken Cup)"]
[Site "Taastrup"]
[Date "2004.07.29"]
[Round "7"]
[White "Al Saad, Mofid"]
[Black "Hansen, Herluf"]
[Result "0-1"]
[WhiteElo "1493"]
[BlackElo "2028"]
[PlyCount "102"]
[EventDate "2004.07.24"]
[EventType "swiss"]
[EventRounds "10"]
[EventCountry "DEN"]
[SourceDate "2004.01.01"]

1. d4 Nf6 2. c4 e6 3. g3 d5 4. Nf3 Nc6 5. cxd5 exd5 6. Bg2 Be7 7. Nc3 O-O 8.
O-O Bf5 9. a3 Ne4 10. Qb3 Na5 11. Qxd5 Nxc3 12. Qxf5 Nxe2+ 13. Kh1 Nb3 14. Be3
Nxa1 15. Rxa1 c5 16. dxc5 Qa5 17. Qd3 Nxg3+ 18. hxg3 Bxc5 19. b4 Bxb4 20. Bd4
Qh5+ 21. Kg1 Bc5 22. Bb2 Rfd8 23. Qc3 Bf8 24. Re1 Rac8 25. Qb3 Qc5 26. Ne5 Rc7
27. Qf3 Qb5 28. Ba1 Qa4 29. Bf1 Qxa3 30. Re3 Qxa1 31. Kg2 Qc1 32. Bd3 g6 33.
Bc4 Rdd7 34. Rc3 Qe1 35. Re3 Qa5 36. Bb3 Re7 37. Qf4 Bh6 38. Qxh6 Rxe5 39. Rf3
Rf5 40. Re3 Qb5 41. g4 Qc6+ 42. Kg3 Rf6 43. Bd5 Qd6+ 44. f4 Re7 45. Rd3 Qb6 46.
Kf3 Rd6 47. Qg5 Red7 48. Qe5 Rxd5 49. Rxd5 Rxd5 50. Qxd5 Qc6 51. Ke4 h5 0-1

[Event "26. Copenhagen Open  (Politiken Cup)"]
[Site "Taastrup"]
[Date "2004.07.29"]
[Round "7"]
[White "Andersen, Daniel"]
[Black "Pedersen, Thomas"]
[Result "1/2-1/2"]
[WhiteElo "2044"]
[BlackElo "1712"]
[PlyCount "61"]
[EventDate "2004.07.24"]
[EventType "swiss"]
[EventRounds "10"]
[EventCountry "DEN"]
[SourceDate "2004.01.01"]

1. d4 c5 2. Nf3 cxd4 3. Nxd4 e5 4. Nb3 d5 5. g3 Be6 6. Bg2 Nc6 7. Nc3 d4 8. Ne4
f5 9. Ned2 Nf6 10. Nf3 Ne4 11. O-O Be7 12. e3 dxe3 13. Qxd8+ Rxd8 14. Bxe3 O-O
15. Rfd1 Rc8 16. Nfd2 Ng5 17. Bc5 f4 18. h4 Nh3+ 19. Kh2 fxg3+ 20. fxg3 Nf2 21.
Rf1 Ng4+ 22. Kg1 Bxc5+ 23. Nxc5 Nd4 24. Rxf8+ Rxf8 25. Nxe6 Ne2+ 26. Kh1 Nxg3+
27. Kg1 Ne2+ 28. Kh1 Ng3+ 29. Kg1 Ne2+ 30. Kh1 Ng3+ 31. Kg1 1/2-1/2

[Event "26. Copenhagen Open  (Politiken Cup)"]
[Site "Taastrup"]
[Date "2004.07.29"]
[Round "7"]
[White "Andersen, Rune Egede"]
[Black "Tuomainen, Jari"]
[Result "1-0"]
[WhiteElo "2092"]
[BlackElo "1767"]
[PlyCount "99"]
[EventDate "2004.07.24"]
[EventType "swiss"]
[EventRounds "10"]
[EventCountry "DEN"]
[SourceDate "2004.01.01"]

1. e4 c5 2. c3 e6 3. d4 d5 4. e5 Qd7 5. f4 b6 6. Nf3 Ba6 7. Bxa6 Nxa6 8. O-O g6
9. Kh1 h5 10. Be3 Nh6 11. Bf2 Nf5 12. Qe1 Be7 13. Nh4 Nxh4 14. Bxh4 Bxh4 15.
Qxh4 Qe7 16. Qf2 O-O-O 17. Na3 Kb8 18. Nb5 Rdg8 19. Nd6 h4 20. Qe2 Nc7 21. dxc5
bxc5 22. Qe3 h3 23. Qxc5 hxg2+ 24. Kxg2 Na8 25. Rf2 Rh7 26. Rh1 Rd8 27. Kf1 Qc7
28. Qxc7+ Kxc7 29. Rc2 Nb6 30. b3 Rf8 31. h4 a6 32. Kg2 f6 33. c4 fxe5 34. fxe5
Kd7 35. c5 Nc8 36. Rf2 Rxf2+ 37. Kxf2 Ne7 38. Kf3 g5 39. h5 Nc6 40. Kg4 Nxe5+
41. Kxg5 Nd3 42. Kg6 Rh8 43. Kg7 Rb8 44. h6 Nxc5 45. Nf7 Nd3 46. h7 e5 47. Rh6
e4 48. Rd6+ Ke7 49. Rxd5 Ke6 50. Rd8 1-0

[Event "26. Copenhagen Open  (Politiken Cup)"]
[Site "Taastrup"]
[Date "2004.07.29"]
[Round "7"]
[White "Andreasen, Per Naesby"]
[Black "Richards, Heather"]
[Result "1-0"]
[WhiteElo "2309"]
[BlackElo "2219"]
[PlyCount "79"]
[EventDate "2004.07.24"]
[EventType "swiss"]
[EventRounds "10"]
[EventCountry "DEN"]
[SourceDate "2004.01.01"]

1. Nf3 e6 2. g3 Nf6 3. c4 c5 4. Bg2 Nc6 5. O-O Be7 6. Nc3 O-O 7. d4 d5 8. cxd5
exd5 9. Bf4 a6 10. dxc5 Bxc5 11. Rc1 d4 12. Na4 Ba7 13. a3 Bf5 14. Nc5 Bc8 15.
Nxa6 Nd5 16. Bd2 Qd6 17. Qc2 Re8 18. Rfe1 Nce7 19. Nc7 Nxc7 20. Qxc7 Qe6 21.
Qe5 Qd7 22. Qh5 Ng6 23. Bb4 Bb6 24. Rcd1 Rd8 25. Bc5 Qb5 26. b4 d3 27. Rxd3 Be6
28. Ng5 Bxc5 29. Qxh7+ Kf8 30. Nxe6+ fxe6 31. Rf3+ Ke7 32. Qxg7+ Kd6 33. bxc5+
Kxc5 34. Qxg6 Rd6 35. Qc2+ Kb6 36. Rb1 Rad8 37. Rxb5+ Kxb5 38. Rb3+ Ka6 39.
Bxb7+ Ka7 40. Qc5+ 1-0

[Event "26. Copenhagen Open  (Politiken Cup)"]
[Site "Taastrup"]
[Date "2004.07.29"]
[Round "7"]
[White "Asbjornsson, Ingvar"]
[Black "Agustsson, Hafsteinn"]
[Result "0-1"]
[WhiteElo "1275"]
[BlackElo "1957"]
[PlyCount "48"]
[EventDate "2004.07.24"]
[EventType "swiss"]
[EventRounds "10"]
[EventCountry "DEN"]
[SourceDate "2004.01.01"]

1. d4 Nf6 2. c4 e6 3. Nc3 Bb4 4. e3 O-O 5. Nf3 c5 6. a3 Bxc3+ 7. bxc3 d5 8. Qc2
b6 9. cxd5 exd5 10. a4 c4 11. Ba3 Re8 12. Ne5 Ne4 13. Bxc4 Nxf2 14. Qxf2 Rxe5
15. dxe5 dxc4 16. Qf3 Qd3 17. Bb2 Nc6 18. Qxc6 Qxe3+ 19. Kd1 Bg4+ 20. Kc2 Bf5+
21. Kd1 Rd8+ 22. Qd6 Rxd6+ 23. exd6 Bg4+ 24. Kc2 Qd3+ 0-1

[Event "26. Copenhagen Open  (Politiken Cup)"]
[Site "Taastrup"]
[Date "2004.07.29"]
[Round "7"]
[White "Asbjornsson, Sverrir"]
[Black "Laursen, Steen"]
[Result "0-1"]
[WhiteElo "1000"]
[BlackElo "1302"]
[PlyCount "84"]
[EventDate "2004.07.24"]
[EventType "swiss"]
[EventRounds "10"]
[EventCountry "DEN"]
[SourceDate "2004.01.01"]

1. d4 d5 2. c4 e5 3. e3 exd4 4. Qxd4 Nf6 5. Nc3 Bb4 6. Bd2 c6 7. cxd5 Bxc3 8.
Bxc3 cxd5 9. Nf3 O-O 10. Be2 b6 11. O-O Bb7 12. Qf4 Nbd7 13. Qd4 Re8 14. Qd2 a5
15. Bd3 g6 16. Rac1 Ne4 17. Qe2 Ndf6 18. Nd2 Qe7 19. Bxf6 Nxf6 20. Nf3 Ne4 21.
Bb5 Rec8 22. Nd2 Nf6 23. Qd3 Qe6 24. Qd4 h5 25. Qf4 Qe7 26. a3 Kg7 27. Qd4 Qe6
28. Qf4 Rd8 29. Qc7 d4 30. Qxb7 dxe3 31. Nf3 exf2+ 32. Kxf2 Ng4+ 33. Kg1 Qe3+
34. Kh1 Rab8 35. Qc7 Rbc8 36. Qxc8 Rxc8 37. Rxc8 h4 38. Rc2 Qb3 39. Rc4 Qxb5
40. Nd2 Ne3 41. Rxh4 Qxb2 42. Re4 Qxd2 0-1

[Event "26. Copenhagen Open  (Politiken Cup)"]
[Site "Taastrup"]
[Date "2004.07.29"]
[Round "7"]
[White "Auchenberg, Einar"]
[Black "Hansen, Erik Friberg"]
[Result "1-0"]
[WhiteElo "1486"]
[BlackElo "1286"]
[PlyCount "69"]
[EventDate "2004.07.24"]
[EventType "swiss"]
[EventRounds "10"]
[EventCountry "DEN"]
[SourceDate "2004.01.01"]

1. d4 d5 2. Nc3 Nf6 3. Bg5 Nbd7 4. f3 e6 5. e4 Be7 6. Bd3 c6 7. e5 Ng8 8. Bd2
Bb4 9. a3 Bxc3 10. Bxc3 c5 11. f4 c4 12. Qg4 g6 13. Be2 Nh6 14. Qh3 Nf5 15. g4
Qh4+ 16. Kd2 Qxh3 17. Nxh3 Ng7 18. b3 b5 19. a4 bxa4 20. Rxa4 Nb6 21. Rb4 Bb7
22. Ra1 cxb3 23. Bb5+ Ke7 24. Rxb3 Rhc8 25. Bb4+ Kd8 26. Ng5 Nc4+ 27. Kd3 Rc7
28. Nxh7 a6 29. Ba4 Bc6 30. Bxc6 Rxc6 31. Bf8 Ne8 32. Rb7 Nc7 33. Rab1 Kc8 34.
Ng5 Na3 35. Bxa3 1-0

[Event "26. Copenhagen Open  (Politiken Cup)"]
[Site "Taastrup"]
[Date "2004.07.29"]
[Round "7"]
[White "Auchenberg, Per"]
[Black "Sagafos, Magne"]
[Result "0-1"]
[WhiteElo "2082"]
[BlackElo "2242"]
[PlyCount "60"]
[EventDate "2004.07.24"]
[EventType "swiss"]
[EventRounds "10"]
[EventCountry "DEN"]
[SourceDate "2004.01.01"]

1. e4 c5 2. Nf3 d6 3. d4 cxd4 4. Nxd4 Nf6 5. Nc3 g6 6. Bd3 Bg7 7. O-O O-O 8.
Kh1 Nbd7 9. f4 Nc5 10. Be3 b6 11. Qe2 Bb7 12. Bg1 e5 13. Nb3 exf4 14. Rxf4 Nh5
15. Rf3 Qe7 16. Nxc5 dxc5 17. Raf1 f5 18. Nd5 Qe5 19. c4 Rae8 20. Bb1 fxe4 21.
Re3 Nf4 22. Nxf4 Rxf4 23. b3 Rxf1 24. Qxf1 Qf5 25. Qe1 Bd4 26. Re2 Qf4 27. Be3
Qe5 28. h3 Rd8 29. Qg1 Bxe3 30. Rxe3 Rd2 0-1

[Event "26. Copenhagen Open  (Politiken Cup)"]
[Site "Taastrup"]
[Date "2004.07.29"]
[Round "7"]
[White "Backelin, Rikard"]
[Black "Jorgensen, Dennis"]
[Result "1-0"]
[WhiteElo "2292"]
[BlackElo "2180"]
[PlyCount "55"]
[EventDate "2004.07.24"]
[EventType "swiss"]
[EventRounds "10"]
[EventCountry "DEN"]
[SourceDate "2004.01.01"]

1. e4 d6 2. d4 Nf6 3. Nc3 g6 4. Nge2 Bg7 5. g3 O-O 6. Bg2 e5 7. O-O Nc6 8. dxe5
dxe5 9. Bg5 Be6 10. Nd5 Bxd5 11. exd5 Ne7 12. c4 h6 13. Bd2 Nf5 14. Bc3 Re8 15.
Qb3 Rb8 16. Rad1 Nd7 17. Qc2 b5 18. cxb5 Rxb5 19. Nc1 Nd6 20. b4 f5 21. Nb3 Nf8
22. a4 Rb6 23. b5 a6 24. Ba5 axb5 25. Bxb6 cxb6 26. axb5 Nxb5 27. d6 Kh7 28.
Bc6 1-0

[Event "26. Copenhagen Open  (Politiken Cup)"]
[Site "Taastrup"]
[Date "2004.07.29"]
[Round "7"]
[White "Bae, Torstein"]
[Black "Rossen, Claus"]
[Result "1-0"]
[WhiteElo "2269"]
[BlackElo "2168"]
[PlyCount "79"]
[EventDate "2004.07.24"]
[EventType "swiss"]
[EventRounds "10"]
[EventCountry "DEN"]
[SourceDate "2004.01.01"]

1. e4 e5 2. Nf3 Nf6 3. Nxe5 d6 4. Nf3 Nxe4 5. d4 d5 6. Bd3 Be7 7. O-O O-O 8. c4
Nc6 9. cxd5 Qxd5 10. Re1 Nf6 11. Nc3 Qd8 12. h3 Nb4 13. Bb1 Nbd5 14. Qd3 g6 15.
Bg5 Be6 16. a3 c6 17. Ba2 Re8 18. Ne5 Nc7 19. Rad1 Bxa2 20. Nxa2 Ne6 21. Bh6
Bf8 22. Bxf8 Rxf8 23. Nc3 Nd5 24. g3 Nxc3 25. bxc3 Qd6 26. c4 Rad8 27. Nf3 Rfe8
28. Re2 Nc7 29. Red2 b5 30. Ne5 a6 31. Qf3 f6 32. Nxc6 Rd7 33. c5 Qe6 34. Nb4
Nd5 35. Nxd5 Rxd5 36. Re2 Qxe2 37. Qxd5+ Kg7 38. Qb3 a5 39. d5 a4 40. Qd3 1-0

[Event "26. Copenhagen Open  (Politiken Cup)"]
[Site "Taastrup"]
[Date "2004.07.29"]
[Round "7"]
[White "Barr, Steven"]
[Black "Nilsson, Nils Specht"]
[Result "1/2-1/2"]
[WhiteElo "1712"]
[BlackElo "2140"]
[PlyCount "98"]
[EventDate "2004.07.24"]
[EventType "swiss"]
[EventRounds "10"]
[EventCountry "DEN"]
[SourceDate "2004.01.01"]

1. d4 Nf6 2. c4 c5 3. d5 e5 4. Nc3 d6 5. e4 Be7 6. Bd3 O-O 7. Be3 Ng4 8. Bd2
Bg5 9. h3 Nh6 10. g4 Kh8 11. Nf3 Bxd2+ 12. Qxd2 f6 13. Nd1 b5 14. cxb5 a6 15.
b6 Nd7 16. Ne3 Nxb6 17. Rg1 Ng8 18. h4 Ra7 19. h5 Nh6 20. Ke2 c4 21. Bc2 Rc7
22. Qc3 Qe8 23. Qb4 Na8 24. Qxd6 Nf7 25. Qb4 Kg8 26. Nxc4 Qb5 27. Qxb5 axb5 28.
Ne3 Ba6 29. Bd3 Rfc8 30. a4 Nd6 31. axb5 Bxb5 32. Bxb5 Nxb5 33. Kd3 Nb6 34. Ra6
Nd7 35. Rc6 Rxc6 36. dxc6 Rxc6 37. Nd5 Nc5+ 38. Ke3 Kf7 39. Rc1 Nd4 40. b4 Ncb3
41. Rxc6 Nxc6 42. b5 Nca5 43. b6 Ke6 44. g5 Nc5 45. b7 Naxb7 46. h6 gxh6 47.
Nxf6 hxg5 48. Nxh7 g4 49. Nh2 Nd6 1/2-1/2

[Event "26. Copenhagen Open  (Politiken Cup)"]
[Site "Taastrup"]
[Date "2004.07.29"]
[Round "7"]
[White "Bering, Anders"]
[Black "Rasmussen, Henning"]
[Result "1-0"]
[WhiteElo "2084"]
[BlackElo "1767"]
[PlyCount "82"]
[EventDate "2004.07.24"]
[EventType "swiss"]
[EventRounds "10"]
[EventCountry "DEN"]
[SourceDate "2004.01.01"]

1. e4 c6 2. d4 d5 3. Nc3 dxe4 4. Nxe4 Bf5 5. Ng3 Bg6 6. h4 h6 7. Nf3 Nd7 8. h5
Bh7 9. Bd3 Bxd3 10. Qxd3 e6 11. Bd2 Qc7 12. O-O-O O-O-O 13. Ne4 Ngf6 14. g3
Nxe4 15. Qxe4 Nf6 16. Qe2 Kb8 17. c4 Ka8 18. Ne5 Bd6 19. f4 c5 20. Bc3 Bxe5 21.
dxe5 Nd7 22. Rd6 Nb6 23. Rhd1 Rhg8 24. Qd3 Rxd6 25. exd6 Qd7 26. Qh7 Rc8 27. b3
f6 28. a4 Qf7 29. g4 Nd7 30. g5 Qg8 31. Qg6 Nf8 32. Qe4 Nd7 33. gxh6 gxh6 34.
Rd2 Qf7 35. Rg2 Rg8 36. Rg6 Rxg6 37. hxg6 Qg8 38. f5 e5 39. Qd5 Qf8 40. Qe6 Nb8
41. Qe7 Qc8 1-0

[Event "26. Copenhagen Open  (Politiken Cup)"]
[Site "Taastrup"]
[Date "2004.07.29"]
[Round "7"]
[White "Bjerke, Silje"]
[Black "Archangelsky, Mikhail"]
[Result "1-0"]
[WhiteElo "2094"]
[BlackElo "2312"]
[PlyCount "67"]
[EventDate "2004.07.24"]
[EventType "swiss"]
[EventRounds "10"]
[EventCountry "DEN"]
[SourceDate "2004.01.01"]

1. d4 d5 2. c4 c6 3. Nc3 Nf6 4. e3 a6 5. Nf3 b5 6. b3 Bg4 7. Be2 e6 8. O-O Nbd7
9. Bb2 Bd6 10. h3 Bh5 11. Nd2 Bg6 12. Bf3 O-O 13. e4 b4 14. e5 bxc3 15. Bxc3
Be7 16. exf6 Bxf6 17. Re1 Rc8 18. Rc1 c5 19. cxd5 exd5 20. Bxd5 cxd4 21. Bb4
Re8 22. Ne4 Qb6 23. Rxc8 Rxc8 24. Qd2 d3 25. Bc4 Ne5 26. Nxf6+ gxf6 27. Rc1 Kg7
28. Ba3 Be4 29. Qf4 Qd4 30. Rd1 Nxc4 31. bxc4 Rxc4 32. Qb8 f5 33. Bb2 Rc3 34.
Qb3 1-0

[Event "26. Copenhagen Open  (Politiken Cup)"]
[Site "Taastrup"]
[Date "2004.07.29"]
[Round "7"]
[White "Bjornsson, Sigurbjorn"]
[Black "Aabling Thomsen, Jakob"]
[Result "1-0"]
[WhiteElo "2315"]
[BlackElo "2139"]
[PlyCount "103"]
[EventDate "2004.07.24"]
[EventType "swiss"]
[EventRounds "10"]
[EventCountry "DEN"]
[SourceDate "2004.01.01"]

1. e4 c5 2. Nf3 Nc6 3. d4 cxd4 4. Nxd4 g6 5. Nc3 Bg7 6. Be3 Nf6 7. Bc4 O-O 8.
Bb3 a5 9. f3 d5 10. exd5 Nb4 11. Nde2 a4 12. Nxa4 Nfxd5 13. Bf2 Rxa4 14. Bxa4
Bxb2 15. O-O Bxa1 16. Qxa1 Qc7 17. a3 Nc6 18. Bb3 Nf4 19. Nxf4 Qxf4 20. Re1 Rd8
21. Qc3 e5 22. Bg3 Qd4+ 23. Qxd4 exd4 24. Bh4 Rf8 25. Bf6 Bd7 26. g4 Ra8 27. a4
Ra5 28. Re4 Rc5 29. Bxd4 Nxd4 30. Rxd4 Bc6 31. Kf2 Kg7 32. h4 h6 33. Rf4 f6 34.
Rd4 Rc3 35. Rd3 Rxd3 36. cxd3 Kf8 37. a5 Ke7 38. d4 Kd6 39. Bc2 Be8 40. Ke3 g5
41. hxg5 hxg5 42. Kd2 Kc7 43. Kc3 Bb5 44. Bd3 Bc6 45. Be4 Bb5 46. Kb4 Be8 47.
Kc5 Ba4 48. d5 Be8 49. d6+ Kc8 50. Bf5+ Kd8 51. Kb6 Bc6 52. a6 1-0

[Event "26. Copenhagen Open  (Politiken Cup)"]
[Site "Taastrup"]
[Date "2004.07.29"]
[Round "7"]
[White "Bleis, Christian"]
[Black "Holst, Conny"]
[Result "1/2-1/2"]
[WhiteElo "2261"]
[BlackElo "2141"]
[PlyCount "80"]
[EventDate "2004.07.24"]
[EventType "swiss"]
[EventRounds "10"]
[EventCountry "DEN"]
[SourceDate "2004.01.01"]

1. d4 Nf6 2. c4 g6 3. Nc3 Bg7 4. e4 d6 5. Bd3 O-O 6. Nge2 e5 7. d5 Na6 8. Bc2
Nb4 9. Ba4 a5 10. O-O Nh5 11. a3 Na6 12. Bc2 f5 13. exf5 gxf5 14. Ng3 Nxg3 15.
fxg3 Nc5 16. Qh5 Qf6 17. Be3 Qg6 18. Qe2 Bd7 19. Rf2 a4 20. Raf1 e4 21. Qd2
Rae8 22. Kh1 b6 23. Rf4 Bf6 24. g4 fxg4 25. Bxc5 Bxc3 26. Rxf8+ Rxf8 27. Rxf8+
Kxf8 28. bxc3 dxc5 29. Qf4+ Qf5 30. Qxf5+ Bxf5 31. Kg1 Ke7 32. Kf1 Kf6 33. Bxa4
Ke5 34. Ke2 Kf4 35. g3+ Ke5 36. Ke3 Bc8 37. Bc2 Bf5 38. Bd1 Bc8 39. Be2 Bd7 40.
Bd1 Bc8 1/2-1/2

[Event "26. Copenhagen Open  (Politiken Cup)"]
[Site "Taastrup"]
[Date "2004.07.29"]
[Round "7"]
[White "Buchkremer, Felix"]
[Black "Nielsen, Rasmus Lundberg"]
[Result "1-0"]
[WhiteElo "2046"]
[BlackElo "1760"]
[PlyCount "65"]
[EventDate "2004.07.24"]
[EventType "swiss"]
[EventRounds "10"]
[EventCountry "DEN"]
[SourceDate "2004.01.01"]

1. e4 c5 2. c3 d6 3. d4 Nf6 4. Bd3 g6 5. dxc5 dxc5 6. e5 Nd5 7. Be4 e6 8. c4
Ne7 9. Qxd8+ Kxd8 10. Bf4 Kc7 11. Nc3 Bd7 12. Nf3 h6 13. O-O-O Bc6 14. Rd3 g5
15. Bg3 g4 16. Nd2 a6 17. Nb3 Bxe4 18. Nxe4 b6 19. Nd6 Rh7 20. Ne8+ Kb7 21. Rd8
Nec6 22. Nd6+ Bxd6 23. Rxd6 a5 24. a4 h5 25. h3 Rg7 26. hxg4 hxg4 27. Rh8 Rg5
28. Rh7 Rf5 29. Nd2 Nd4 30. Kd1 Kc7 31. Ne4 Nbc6 32. Nf6 Rxf6 33. exf6 1-0

[Event "26. Copenhagen Open  (Politiken Cup)"]
[Site "Taastrup"]
[Date "2004.07.29"]
[Round "7"]
[White "Christensen, Aage Niels"]
[Black "Lynge, Torben"]
[Result "0-1"]
[WhiteElo "1554"]
[BlackElo "1916"]
[PlyCount "68"]
[EventDate "2004.07.24"]
[EventType "swiss"]
[EventRounds "10"]
[EventCountry "DEN"]
[SourceDate "2004.01.01"]

1. d4 d5 2. c4 e6 3. Nc3 Nf6 4. Bg5 Nbd7 5. e3 Be7 6. Nf3 O-O 7. cxd5 exd5 8.
Be2 c6 9. a3 Re8 10. O-O Nf8 11. Bxf6 Bxf6 12. h3 Bf5 13. b4 a6 14. Bd3 Bxd3
15. Qxd3 Ne6 16. Rfc1 Qd6 17. Rab1 Bd8 18. Ne5 f6 19. Nf3 Bc7 20. g3 Re7 21.
Ne2 Rae8 22. Nh4 g6 23. Nf3 Ng7 24. g4 f5 25. Ne5 Qf6 26. Nf4 Bxe5 27. dxe5
Rxe5 28. Ng2 fxg4 29. hxg4 Re4 30. f4 Qe6 31. Qe2 d4 32. Qc4 dxe3 33. Qxe6+
Nxe6 34. Re1 Nd4 0-1

[Event "26. Copenhagen Open  (Politiken Cup)"]
[Site "Taastrup"]
[Date "2004.07.29"]
[Round "7"]
[White "Danielsen, Dag"]
[Black "Skovgaard, Peter Nicolai"]
[Result "0-1"]
[WhiteElo "1905"]
[BlackElo "2116"]
[PlyCount "88"]
[EventDate "2004.07.24"]
[EventType "swiss"]
[EventRounds "10"]
[EventCountry "DEN"]
[SourceDate "2004.01.01"]

1. Nf3 c5 2. g3 Nc6 3. Bg2 d5 4. d4 cxd4 5. Nxd4 e5 6. Nxc6 bxc6 7. c4 Bb4+ 8.
Bd2 Bxd2+ 9. Qxd2 Ne7 10. Qg5 Qa5+ 11. Nd2 Nf5 12. O-O h6 13. Nb3 Qb4 14. Qd2
Qxd2 15. Nxd2 e4 16. Nb3 Ba6 17. cxd5 cxd5 18. Rfd1 Ne7 19. Rd2 O-O 20. Nc5 Bb5
21. a4 Bc6 22. b4 Rfc8 23. e3 a5 24. b5 Bxb5 25. Nxe4 Bxa4 26. Nd6 Rc2 27. Bxd5
Nxd5 28. Rxd5 Bc6 29. Rd4 a4 30. Rc4 Rxc4 31. Nxc4 Rb8 32. h3 f6 33. g4 Kf7 34.
Kh2 Ke6 35. Kg3 Kd5 36. Rc1 Rb4 37. Na5 Bb5 38. f3 a3 39. e4+ Kd4 40. Ra1 Ra4
41. Nb3+ Kc3 42. Nc5 Ra8 43. Kf2 a2 44. Ne6 Kb2 0-1